000 00298nam a2200121Ia 4500
008 240624s9999 xx 000 0 und d
041 _aeng
082 _a658.83 GUP
100 _aGUPTA G L
245 _aMARKETING RESEARCH
260 _c2000
_aNew Delhi
_bExcel Books
300 _avii, : 297 : p. : cm. ; 25
999 _c44
_d44